12 Countries with the highest Prices for a Big Mac - Statistics

General Stats
  • This quiz has been taken 39 times
  • The average score is 9 of 12
Answer Stats
Price Answer % Correct
5.66$ United States
97%
5.29$ Canada
91%
6.09$ Norway
91%
4.98$ Australia
88%
4.9$ Denmark
88%
6.37$ Sweden
88%
4.87$ New Zealand
81%
7.29$ Switzerland
72%
4.44$ Britain
66%
4.43$ Singapore
66%
5.35$ Israel
31%
4.8$ Uruguay
13%
No matching quizzes found
Score Distribution
Percent of People with Each Score
Percentile by Number Answered
Your Score History
You have not taken this quiz